Państwa najbliżej Polski na każdą literę. - Statystyki

Ogólne statystyki
  • Ten quiz został rozwiązany 1 903 razy
    656 od ostatniego zresetowania
  • Średni wynik to 19 z 24
Statystyki odpowiedzi
Litera Państwo % Poprawnych
C Czechy
97%
D Dania
95%
B Białoruś
94%
F Francja
94%
E Estonia
93%
L Litwa
93%
R Rosja
92%
Ł Łotwa
91%
S Słowacja
89%
G Grecja
87%
H Holandia
86%
N Niemcy
86%
A Austria
85%
U Ukraina
83%
O Oman
82%
P Portugalia
81%
T Turcja
78%
I Irlandia
71%
W Węgry
69%
M Mołdawia
68%
K Kosowo
63%
V Vanuatu
61%
J Jordania
60%
Z Zjednoczone Emiraty Arabskie
49%
Nie znaleziono quizów pasujących do podanych kryteriów
Rozkład punktacji
Procent ludzi z każdym wynikiem
Percentyl według liczby udzielonych odpowiedzi
Twoja historia wyników
Nie rozwiązałeś tego quizu od ostatniego zresetowania